Macroeconomía, mercado de capitales y negocio financiero / (Registro nro. 11980)
[ vista simple ]
| 000 -LEADER | |
|---|---|
| fixed length control field | 01277nam a2200253Ia 4500 |
| 003 - CONTROL NUMBER IDENTIFIER | |
| control field | OSt |
| 005 - DATE AND TIME OF LATEST TRANSACTION | |
| control field | 20210721135521.0 |
| 008 - FIXED-LENGTH DATA ELEMENTS--GENERAL INFORMATION | |
| fixed length control field | 210310s1988 ck gr 000 0 spa d |
| 020 ## - INTERNATIONAL STANDARD BOOK NUMBER | |
| International Standard Book Number | 958904008X |
| 040 ## - CATALOGING SOURCE | |
| Original cataloging agency | CO-JMCR |
| Transcribing agency | CO-JMCR |
| 041 0# - LANGUAGE CODE | |
| Language code of text/sound track or separate title | spa |
| 082 04 - DEWEY DECIMAL CLASSIFICATION NUMBER | |
| Classification number | 332.1 / |
| Item number | S612m |
| Edition number | 23 |
| 111 2# - MAIN ENTRY--MEETING NAME | |
| Meeting name or jurisdiction name as entry element | Simposio sobre Mercado de Capitales |
| Number of part/section/meeting | (11 : |
| Date of meeting or treaty signing | 1988 : |
| Location of meeting | Cali) |
| 9 (RLIN) | 38604 |
| 245 10 - TITLE STATEMENT | |
| Title | Macroeconomía, mercado de capitales y negocio financiero / |
| Statement of responsibility, etc. | Simposio sobre Mercado de Capitales 11 de1988 Cali; editor, Carlos Caballero Argáez |
| 260 ## - PUBLICATION, DISTRIBUTION, ETC. | |
| Name of publisher, distributor, etc. | Asociación Bancaria de Colombia, |
| Place of publication, distribution, etc. | Cali, Colombia : |
| Date of publication, distribution, etc. | 1989. |
| 300 ## - PHYSICAL DESCRIPTION | |
| Other physical details | 442 páginas ; |
| Dimensions | 23 cm. |
| 501 ## - WITH NOTE | |
| With note | Con: notas a pie de página. |
| 505 0# - FORMATTED CONTENTS NOTE | |
| Formatted contents note | Sesión de instalación. -- Evolución, situación actual. -- Manejo macroeconómico, déficit fiscal y mercado de capitales. Perspectivas para la década de los noventa. -- Marco conceptual del negocio financiero: posibilidades y obstáculos. -- |
| 650 14 - SUBJECT ADDED ENTRY--TOPICAL TERM | |
| Topical term or geographic name entry element | Mercado de capitales |
| Form subdivision | Congresos, conferencias, |
| Geographic subdivision | Colombia |
| 9 (RLIN) | 26961 |
| 650 24 - SUBJECT ADDED ENTRY--TOPICAL TERM | |
| Topical term or geographic name entry element | Ahorro e inversión |
| Form subdivision | Congresos, conferencias, |
| Chronological subdivision | 1988 |
| Geographic subdivision | Colombia| |
| 9 (RLIN) | 38605 |
| 650 24 - SUBJECT ADDED ENTRY--TOPICAL TERM | |
| Topical term or geographic name entry element | Macroeconomía |
| Form subdivision | Congresos, conferencias, |
| Chronological subdivision | 1988 |
| Geographic subdivision | Colombia |
| 9 (RLIN) | 38606 |
| 700 1# - ADDED ENTRY--PERSONAL NAME | |
| Personal name | Caballero Argáez, Carlos Eduardo, |
| Relator term | editor |
| 9 (RLIN) | 38607 |
| 942 ## - ADDED ENTRY ELEMENTS (KOHA) | |
| Source of classification or shelving scheme | Dewey Decimal Classification |
| Koha item type | Books |
| Withdrawn status | Lost status | Source of classification or shelving scheme | Damaged status | Not for loan | Home library | Current library | Shelving location | Date acquired | Source of acquisition | Full call number | Barcode | Date last seen | Copy number | Price effective from | Koha item type |
|---|---|---|---|---|---|---|---|---|---|---|---|---|---|---|---|
| Dewey Decimal Classification | Biblioteca Pública José María del Castillo y Rada | Biblioteca Pública José María del Castillo y Rada | General Stacks | 04/15/2018 | Donación | 332.1 / S612m | 201811467 | 05/16/2024 | Ej.1 | 03/10/2021 | Books |